=LDR 00000nam 2200000 4500 =001 INLIS000000000014278 =005 20130612105544 =008 ***********************************Ind** =035 ##$$0010-061300000014278 =041 ##$$a Ind =082 ##$$a 813 =090 ##$$a 813, Put o =100 ##$$a Puthut EA =245 ##$$a Orang-orang yang bergeges , Puthut =260 ##$$a 2004 $b yogyakarta =300 ##$$a xiii, 165 hlm, 16 cm =650 ##$$a fiksi Indonesia =850 ##$$a NBPNMAT